| 000 | 00910cam a2200289Ma 4500 | ||
|---|---|---|---|
| 001 | 10096690 | ||
| 003 | ARRUPE | ||
| 005 | 20160503093113.0 | ||
| 008 | 121106s2012 gau b 001 0 eng d | ||
| 020 | _a0984883606 | ||
| 020 | _a9780984883608 | ||
| 024 | _a99951196365 | ||
| 035 | _a(OCoLC)ocn816282219 | ||
| 035 | _a(OCoLC)816282219 | ||
| 035 | _a(NNC)10096690 | ||
| 040 |
_aYDXCP _cYDXCP _dBTCTA _dEAU |
||
| 050 | 4 | _aLG481.O41 | |
| 100 | 1 |
_aOkafor, Nduka. _924276 |
|
| 245 | 0 | 0 |
_aOne and a half centuries of the university in Nigeria, 1868-2011 : _ba historical account / _cNduka Okafor. |
| 260 |
_aAtlanta, GA : _bProgress Publishing, _cc2012. |
||
| 300 |
_aviii, 401 p.; _c21 cm. |
||
| 504 | _aIncludes bibliographical references and index. | ||
| 650 | 0 |
_aUniversities and colleges _zNigeria _xHistory. _924277 |
|
| 942 |
_2lcc _cMONOGRAPH |
||
| 948 | 1 |
_a20130109 _bc _csl13 _dMPS |
|
| 999 |
_c124775 _d124775 |
||